书目信息 |
| 题名: |
土壤与固体废物监测技术问答
|
|
| 作者: | 何明清 主编 | |
| 分册: | ||
| 出版信息: | 北京 化学工业出版社 2006.09 |
|
| 页数: | 212页 | |
| 开本: | 21cm | |
| 丛书名: | 环境保护问答丛书 | |
| 单 册: | ||
| 中图分类: | X833-44 | |
| 科图分类: | ||
| 主题词: | 土壤监测--tu rang jian ce--问答 , 固体废物--gu ti fei wu--监测--问答 | |
| 电子资源: | ||
| ISBN: | 7-5025-8996-1 | |
| 000 | 01073nam 2200277 450 | |
| 001 | 012007675601 | |
| 005 | 20071106080527.72 | |
| 010 | @a7-5025-8996-1@dCNY18.00 | |
| 100 | @a20070924d2006 km y0chiy0120 ea | |
| 101 | 0 | @achi |
| 102 | @aCN@b110000 | |
| 105 | @aa a 000yy | |
| 106 | @ar | |
| 200 | 1 | @a土壤与固体废物监测技术问答@Atu rang yu gu ti fei wu jian ce ji shu wen da@f何明清主编@Fhe ming qing zhu bian |
| 210 | @a北京@c化学工业出版社@d2006.09 | |
| 215 | @a212页@c图@d21cm | |
| 225 | 2 | @a环境保护问答丛书@Ahuan jing bao hu wen da cong shu |
| 320 | @a有书目。 | |
| 330 | @a本书采用问答的形式,从实用的角度着手,汇总了土壤与固体废物监测中的各项技术内容,包括土壤与固体废物污染的基本知识,土壤污染物的采集、预处理和项目分析,固体废物的采集、预处理、有害特性鉴别、有害成分分析等内容。 | |
| 410 | 0 | @12001 @a环境保护问答丛书 |
| 606 | 0 | @a土壤监测@Atu rang jian ce@j问答 |
| 606 | 0 | @a固体废物@Agu ti fei wu@x监测@j问答 |
| 690 | @aX833-44@v4 | |
| 701 | 0 | @a何明清@Ahe ming qing@4主编 |
| 801 | 0 | @aCN@b@c20071106 |
| 905 | @b263991-93@dX833-44@eH195@f3 | |
| 土壤与固体废物监测技术问答/何明清主编.-北京:化学工业出版社,2006.09 |
| 212页:图;21cm.-(环境保护问答丛书) |
| ISBN 7-5025-8996-1:CNY18.00 |
| 本书采用问答的形式,从实用的角度着手,汇总了土壤与固体废物监测中的各项技术内容,包括土壤与固体废物污染的基本知识,土壤污染物的采集、预处理和项目分析,固体废物的采集、预处理、有害特性鉴别、有害成分分析等内容。 |
| ● |
| 相关链接 |
|
|
|
正题名:土壤与固体废物监测技术问答
索取号:X833-44/H195
 
预约/预借
| 序号 | 登录号 | 条形码 | 馆藏地/架位号 | 状态 | 备注 |
| 1 | 263991 | 202639911 | 自科库501/501自科库 117排2列5层/ [索取号:X833-44/H195] | 在馆 | |
| 2 | 263992 | 202639920 | 自科库501/501自科库 117排2列5层/ [索取号:X833-44/H195] | 在馆 | |
| 3 | 263993 | 202639939 | 期刊室512/501自科库 118排1列1层/ [索取号:X833-44/H195] | 在馆 |